000 00464nam a2200169Ia 4500
008 230917s9999||||xx |||||||||||||| ||und||
020 _cRS1200
040 _e217104
_aMAIN
041 _aEnglish
082 _a780.954 S23B
100 _aSharma, Bharti
245 0 _aBhartiya sangeet ke antah vishayak drishtikaun
260 _aGhaziabad
_bNaitik Prakashan
_c2014
300 _axv, 382 p.
500 _a1562 02/06/2014 14235 24/06/2014 Main Budget
942 _cBK
999 _c11530
_d11530